[Event "27. Friedensfest-Open (AFRO-A)"]
[Site "Augsburg"]
[Date "2022.08.05"]
[Round "4.14"]
[White "Kamenskyi, Dmytro"]
[Black "Portnov, Dmytro"]
[Result "0-1"]
[WhiteElo "1996"]
[BlackElo "1531"]
[EventDate "2022.08.04"]
[Time "15:30:00"]
[WhiteTeam "SK Kriegshaber"]
[BlackTeam "SC Weisse Dame Ulm e.V."]

1.e4 c5 2.Nf3 Nc6 3.d4 cxd4 4.Nxd4 e6 5.Nc3 Nf6 6.Ndb5 Bb4 7.a3 Bxc3+ 8.
Nxc3 d5 9.exd5 exd5 10.Qe2+ Be6 11.Bg5 h6 12.Bh4 Nd4 13.Qd1 Nc6 14.Bd3 g5 
15.Bg3 Bg4 16.f3 Be6 17.O-O Qd7 18.Qd2 Nh5 19.f4 gxf4 20.Bxf4 O-O-O 21.Nb5
Nxf4 22.Qxf4 Rhg8 23.Be2 Rg5 24.h4 Rg6 25.Bf3 Qe7 26.Kh2 Rf6 27.Qd2 Qc5 
28.Qe2 Rf4 29.g3 Rc4 30.Nc3 Nd4 31.Qg2 Nf5 32.Rfe1 Rg8 33.Ne2 Nxh4 34.Qf1 
Nf5 35.c3 Ne3 36.Qg1 Nc2 37.Nd4 Nxa1 38.Rxa1 Qd6 39.Nb5 0-1

[Event "27. Friedensfest-Open (AFRO-A)"]
[Site "Augsburg"]
[Date "2022.08.04"]
[Round "1.1"]
[White "Kracke, Moritz"]
[Black "Smith, Bryan"]
[Result "0-1"]
[WhiteElo "2073"]
[BlackElo "2414"]
[EventDate "2022.08.04"]
[WhiteTeam "SV Urach"]
[BlackTeam "?"]

1.e4 c5 2.Nf3 Nc6 3.d4 cxd4 4.Nxd4 e5 5.Nb5 d6 6.c4 Be6 7.Bd3 g6 8.O-O a6 
9.N5c3 Bg7 10.Nd5 Nge7 11.Nbc3 O-O 12.Be3 Nd4 13.a4 Nec6 14.b4 f5 15.f3 f4
16.Bf2 g5 17.c5 g4 18.fxg4 f3 19.g3 Bxg4 20.Re1 a5 21.cxd6 axb4 22.Nb5 Kh8
23.Rb1 Nxb5 24.axb5 Nd4 25.Nxb4 Ne2+ 26.Bxe2 fxe2 27.Qd2 Qf6 28.Bb6 Ra3 
29.Nd5 Qxd6 30.Qc1 Raf3 31.Qc5 Bh3 32.Ne3 Qd3 33.Qxf8+ 0-1

[Event "27. Friedensfest-Open (AFRO-A)"]
[Site "Augsburg"]
[Date "2022.08.04"]
[Round "1.18"]
[White "Wichmann, Adrian"]
[Black "Weiss, Thomas"]
[Result "1-0"]
[WhiteElo "2089"]
[BlackElo "1970"]
[EventDate "2022.08.04"]
[WhiteTeam "SC 1868 Bamberg"]
[BlackTeam "DJK-Regensburg Nord e.V."]

1.e4 c5 2.Nf3 Nc6 3.d4 cxd4 4.Nxd4 g6 5.Nc3 Bg7 6.Be3 Nf6 7.Bc4 O-O 8.Bb3 
Re8 9.f3 d5 10.exd5 Nb4 11.Nde2 e6 12.d6 Nbd5 13.Bd4 Qxd6 14.Nxd5 exd5 15.
O-O Be6 16.Nc3 b6 17.Re1 Rad8 18.a3 h5 19.Be5 Qc5+ 20.Qd4 h4 21.Kh1 Qxd4 
22.Bxd4 Nh5 23.Rad1 Nf4 24.Nb5 Re7 25.g3 hxg3 26.hxg3 Nh5 27.Kg2 Red7 28.
Bxg7 Kxg7 29.Nd4 Rd6 30.c3 a6 31.Re5 Kf6 32.Rde1 Rh8 33.R5e3 Ng7 34.g4 
Rdd8 35.Re5 g5 36.f4 gxf4 37.g5+ Ke7 38.Nc6+ Kd6 39.Nxd8 Rxd8 40.Kf3 Rf8 
41.Bc2 f6 42.gxf6 Rxf6 43.Rg5 Nf5 44.Bxf5 Bxf5 45.Kxf4 Be4+ 46.Ke3 Kc5 47.
Rd1 Rf3+ 48.Ke2 Rh3 49.Rd4 Rh2+ 50.Ke3 Rh3+ 51.Kf4 b5 52.Ke5 a5 53.Ke6 Kc6
54.Rd2 a4 55.Rg7 Bd3 56.Ke5 Bc4 57.Rf2 Re3+ 58.Kf4 Re8 59.Kg5 Rd8 60.Rf6+ 
Rd6 61.Rxd6+ Kxd6 62.Kf4 Bb3 63.Ke3 Kc5 64.Rc7+ Kd6 65.Rc8 Ke5 66.Re8+ Kf5
67.Kd4 Kf4 68.Rf8+ Kg4 69.Rb8 Kf3 70.Rxb5 Ke2 71.Rxb3 axb3 72.a4 Kd2 73.a5
Kc2 74.a6 Kxb2 75.a7 Kc2 76.a8=Q b2 77.Qb7 1-0

[Event "27. Friedensfest-Open (AFRO-A)"]
[Site "Augsburg"]
[Date "2022.08.07"]
[Round "7.28"]
[White "Doll, Luca Fabio"]
[Black "Kracke, Moritz"]
[Result "1/2-1/2"]
[WhiteElo "1653"]
[BlackElo "2073"]
[EventDate "2022.08.04"]
[Time "09:30:00"]
[WhiteTeam "TSV Langenau"]
[BlackTeam "SV Urach"]

1.e4 c5 2.Nf3 Nc6 3.d4 cxd4 4.Nxd4 Nf6 5.Nc3 e5 6.Nf5 d5 7.exd5 Bxf5 8.
dxc6 Qxd1+ 9.Nxd1 bxc6 10.Ne3 Bg6 11.Bc4 Bc5 12.Bb3 O-O-O 13.O-O Ne4 14.c3
Rd7 15.Nc4 f6 16.Be3 Bxe3 17.Nxe3 Nc5 18.Rfd1 Nxb3 19.axb3 Rhd8 20.Rxd7 
Rxd7 21.Nf1 Kb7 22.f3 Kb6 23.Kf2 a5 24.Ke3 Bf7 25.Nd2 Kb5 26.Ke2 1/2-1/2

[Event "27. Friedensfest-Open (AFRO-A)"]
[Site "Augsburg"]
[Date "2022.08.04"]
[Round "2.16"]
[White "Stoettner, Moritz"]
[Black "Kracke, Moritz"]
[Result "0-1"]
[WhiteElo "1906"]
[BlackElo "2073"]
[EventDate "2022.08.04"]
[Time "15:30:00"]
[WhiteTeam "SK Landau-Dingolfing"]
[BlackTeam "SV Urach"]

1.e4 c5 2.Nf3 Nc6 3.d4 cxd4 4.Nxd4 Nf6 5.Nc3 e5 6.Ndb5 d6 7.Nd5 Nxd5 8.
exd5 Nb8 9.a4 Be7 10.Be2 O-O 11.Bd2 f5 12.a5 e4 13.c4 f4 14.Ra3 e3 15.Bb4 
Na6 16.Bc3 Bh4 17.Bd4 0-1

[Event "27. Friedensfest-Open (AFRO-A)"]
[Site "Augsburg"]
[Date "2022.08.04"]
[Round "2.9"]
[White "Kamenskyi, Dmytro"]
[Black "Hauser, Carlos, Dr."]
[Result "1/2-1/2"]
[WhiteElo "1996"]
[BlackElo "2253"]
[EventDate "2022.08.04"]
[Time "15:30:00"]
[WhiteTeam "SK Kriegshaber"]
[BlackTeam "SV 1947 Walldorf"]

1.e4 c5 2.Nf3 Nc6 3.d4 cxd4 4.Nxd4 Nf6 5.Nc3 e5 6.Ndb5 d6 7.Bg5 a6 8.Na3 
b5 9.Nd5 Be7 10.Bxf6 Bxf6 11.c3 Ne7 12.Nc2 Nxd5 13.Qxd5 Rb8 14.Ne3 O-O 15.
Rd1 Bb7 16.Qd3 Qa5 17.a3 Qa4 18.f3 Bh4+ 19.g3 Bg5 20.Bg2 Qb3 21.Qc2 Qe6 
22.Nd5 f5 23.Bh3 Qf7 24.O-O g6 25.Qe2 Kh8 26.Rd3 a5 27.Rdd1 Ba6 28.b4 Bc8 
29.Bg2 Bh6 30.f4 exf4 31.Nxf4 g5 32.Nd5 f4 33.Kh1 axb4 34.axb4 Be6 35.gxf4
gxf4 36.Qe1 Qh5 37.Bf3 Qh3 38.Bg2 Qh5 39.Bf3 Qh3 1/2-1/2

[Event "27. Friedensfest-Open (AFRO-A)"]
[Site "Augsburg"]
[Date "2022.08.07"]
[Round "7.24"]
[White "Reif, Hermann"]
[Black "Parsch, Christian"]
[Result "1/2-1/2"]
[WhiteElo "2009"]
[BlackElo "1879"]
[EventDate "2022.08.04"]
[Time "09:30:00"]
[WhiteTeam "SK Krumbach"]
[BlackTeam "SC Roter Turm Altstadt"]

1.e4 c6 2.Bc4 d5 3.Bb3 e6 4.e5 c5 5.c3 Qg5 6.Nf3 Qxg2 7.Rg1 Qh3 8.Rg3 Qh5 
9.d4 Nc6 10.Rg5 Qh3 11.Rg3 Qh5 12.Rg5 Qh3 13.Rg3 1/2-1/2

[Event "27. Friedensfest-Open (AFRO-A)"]
[Site "Augsburg"]
[Date "2022.08.06"]
[Round "6.26"]
[White "Struck, Christian"]
[Black "Nowak, Maciej"]
[Result "1/2-1/2"]
[WhiteElo "1933"]
[BlackElo "1642"]
[EventDate "2022.08.04"]
[Time "15:30:00"]
[WhiteTeam "SF Augsburg"]
[BlackTeam "?"]

1.e4 c6 2.Nc3 d5 3.Nf3 Bg4 4.h3 Bxf3 5.Qxf3 e6 6.d3 Nf6 7.g4 d4 8.Nd1 c5 
9.Bg2 e5 10.g5 Nfd7 11.O-O Nc6 12.a3 Qe7 13.Qe2 h6 14.h4 hxg5 15.hxg5 Qe6 
16.f4 exf4 17.Bxf4 Nde5 18.Nf2 1/2-1/2

[Event "27. Friedensfest-Open (AFRO-A)"]
[Site "Augsburg"]
[Date "2022.08.05"]
[Round "4.37"]
[White "Schindler, Alexander"]
[Black "Bilandzic, Ante"]
[Result "1-0"]
[WhiteElo "1970"]
[BlackElo "1923"]
[EventDate "2022.08.04"]
[Time "15:30:00"]
[WhiteTeam "SF Augsburg"]
[BlackTeam "FC Bayern Muenchen e.V."]

1.e4 c6 2.Nc3 d5 3.Nf3 Bg4 4.h3 Bxf3 5.Qxf3 Nf6 6.e5 Nfd7 7.d4 e6 8.Ne2 c5
9.c3 Qb6 10.Qd3 Nc6 11.f4 Rc8 12.g4 cxd4 13.Nxd4 Bc5 14.Nb3 Bf2+ 15.Ke2 
Ndxe5 16.fxe5 Nxe5 17.Qd2 Rc4 18.Bg2 O-O 19.Rf1 Bh4 20.Qc2 Qa6 21.Kd1 Re4 
22.Nc5 Qxf1+ 23.Bxf1 Re1+ 24.Kd2 Nf3+ 25.Kd3 e5 26.Be2 Rd8 27.Bxf3 e4+ 28.
Bxe4 dxe4+ 29.Kc4 e3 30.Nd3 Rh1 31.Qe2 Rxh3 32.b4 Rg3 33.Bb2 Rxg4+ 1-0

[Event "27. Friedensfest-Open (AFRO-A)"]
[Site "Augsburg"]
[Date "2022.08.07"]
[Round "7.3"]
[White "Vuckovic, Zarko"]
[Black "Feldmann, Johannes"]
[Result "1-0"]
[WhiteElo "2286"]
[BlackElo "2240"]
[EventDate "2022.08.04"]
[Time "09:30:00"]
[WhiteTeam "SF Augsburg"]
[BlackTeam "SV Worms 1878"]

1.e4 c6 2.Nf3 d5 3.d3 Bg4 4.h3 Bxf3 5.Qxf3 e6 6.g3 Nf6 7.Bg2 Nbd7 8.O-O 
Bc5 9.Nd2 O-O 10.Qe2 Qc7 11.Kh1 dxe4 12.dxe4 e5 13.a4 a5 14.Nc4 b5 15.Ne3 
bxa4 16.Rxa4 Rfb8 17.Ra2 a4 18.Bf3 Bf8 19.Kg2 Nc5 20.Nc4 Nfd7 21.Be3 Rb4 
22.Rfa1 Rab8 23.Bd2 R4b5 24.Bc3 Re8 25.h4 Qb8 26.Rd1 Qc7 27.Raa1 Ne6 28.
Rxa4 Bc5 29.Bg4 Nd4 30.Qd3 Nf6 31.Bh3 Rbb8 32.Be1 Rbd8 33.Ba5 1-0

[Event "27. Friedensfest-Open (AFRO-A)"]
[Site "Augsburg"]
[Date "2022.08.04"]
[Round "2.2"]
[White "Weller, Uli"]
[Black "Grimberg, Boris"]
[Result "1-0"]
[WhiteElo "2190"]
[BlackElo "2328"]
[EventDate "2022.08.04"]
[Time "15:30:00"]
[WhiteTeam "SF Augsburg"]
[BlackTeam "SAbt TSV Haunstetten"]

1.e4 c6 2.Nc3 d5 3.Nf3 dxe4 4.Nxe4 Nf6 5.Ng3 c5 6.b3 Nc6 7.Bb2 e6 8.Bc4 
Be7 9.Qe2 O-O 10.O-O-O a6 11.d4 Qa5 12.dxc5 Bxc5 13.Kb1 b5 14.Bd3 Nb4 15.
a3 Nxd3 16.Rxd3 Be7 17.Ne5 Bb7 18.Nh5 Nxh5 19.Qxh5 Be4 20.Rd7 Bg6 21.Qf3 
Rac8 22.Nxg6 fxg6 23.Qb7 Rb8 24.Qe4 Rbe8 25.Qxe6+ Rf7 26.b4 Qa4 27.Re1 Kf8
28.Bd4 1-0

[Event "27. Friedensfest-Open (AFRO-A)"]
[Site "Augsburg"]
[Date "2022.08.06"]
[Round "5.35"]
[White "Roehr, Oliver"]
[Black "Jovy, Klaus"]
[Result "1-0"]
[WhiteElo "2141"]
[BlackElo "1850"]
[EventDate "2022.08.04"]
[Time "09:30:00"]
[WhiteTeam "SV Mattnetz Berlin e.V."]
[BlackTeam "SK Mering"]

1.e4 c6 2.Nf3 d5 3.Nc3 dxe4 4.Nxe4 Nf6 5.Qe2 Nxe4 6.Qxe4 Qd5 7.Qf4 Bf5 8.
Bc4 Qe4+ 9.Qxe4 Bxe4 10.Bxf7+ Kd8 11.d3 Bf5 12.Nd4 g6 13.Nxf5 gxf5 14.Be6 
Bg7 15.Bxf5 h6 16.c3 Rf8 17.Bg4 e5 18.Be3 Na6 19.Ke2 Kc7 20.Bf3 Rae8 21.a4
c5 22.Bd5 Kd6 23.Bxb7 1-0

[Event "27. Friedensfest-Open (AFRO-A)"]
[Site "Augsburg"]
[Date "2022.08.05"]
[Round "3.37"]
[White "Reif, Hermann"]
[Black "Schoenwetter, Martin"]
[Result "1-0"]
[WhiteElo "2009"]
[BlackElo "1498"]
[EventDate "2022.08.04"]
[Time "09:30:00"]
[WhiteTeam "SK Krumbach"]
[BlackTeam "Schachges. Augsburg 1873"]

1.e4 c6 2.Bc4 d5 3.Bb3 Nf6 4.e5 Ng8 5.d4 Bf5 6.Nf3 h6 7.c4 e6 8.O-O Ne7 9.
Nc3 a6 10.c5 Bh7 11.Ne2 Ng6 12.Bc2 Be7 13.Nf4 O-O 14.Bxg6 Bxg6 15.Nxg6 
fxg6 16.Be3 Nd7 17.Rc1 Rf7 18.Rc3 Nf8 19.h3 g5 20.Nh2 Ng6 21.Qg4 Qd7 22.
Qh5 Nf4 23.Bxf4 Rxf4 24.Rd3 Raf8 25.Qg6 Bd8 26.Qh5 b5 27.b4 Qf7 28.Qe2 a5 
29.bxa5 Bxa5 30.Nf3 Ra8 31.Ra1 Bd8 32.a4 g4 33.hxg4 Rxg4 34.Qb2 Qg6 35.Ne1
Rb8 36.Rb3 Ba5 37.f3 Rh4 38.axb5 Bxe1 39.Rxe1 Qh5 40.Kf2 Rh2 41.Rg1 Rf8 
42.bxc6 Qh4+ 43.Kf1 Rh1 44.Qf2 Rxg1+ 45.Kxg1 Qf4 46.c7 Qf7 47.Rb7 Rc8 48.
Qh4 Qe8 49.Qe1 Qc6 50.Qb4 Rxc7 51.Rxc7 Qxc7 52.Qb6 Qc8 53.c6 Kf8 54.Qb7 
Qxb7 55.cxb7 1-0

[Event "27. Friedensfest-Open (AFRO-A)"]
[Site "Augsburg"]
[Date "2022.08.05"]
[Round "4.5"]
[White "Struck, Christian"]
[Black "Grimberg, Boris"]
[Result "0-1"]
[WhiteElo "1933"]
[BlackElo "2328"]
[EventDate "2022.08.04"]
[Time "15:30:00"]
[WhiteTeam "SF Augsburg"]
[BlackTeam "SAbt TSV Haunstetten"]

1.e4 c6 2.Nf3 d5 3.Nc3 Bg4 4.h3 Bh5 5.exd5 cxd5 6.Bb5+ Nc6 7.g4 Bg6 8.Ne5 
Rc8 9.d4 e6 10.h4 f6 11.Bxc6+ bxc6 12.Nxg6 hxg6 13.Qd3 Kf7 14.h5 gxh5 15.
Rxh5 Rxh5 16.gxh5 Ne7 17.Qh7 Qb6 18.Ne2 c5 19.c3 cxd4 20.Nxd4 Qb8 21.Bd2 
Qxb2 22.Rb1 Qxa2 23.f4 Qa6 24.Kf2 Qa2 25.Ke1 Rc7 26.Rb8 Qa6 27.Kf2 Rb7 28.
Rxb7 Qxb7 29.f5 Nxf5 30.Nxf5 exf5 31.h6 Qb2 32.Ke2 Qb5+ 33.Kd1 Qb1+ 34.Ke2
Qe4+ 35.Kd1 Qg4+ 36.Kc1 Qg6 37.Qxg6+ Kxg6 38.hxg7 Bxg7 39.Kc2 Bh6 40.Be1 
Be3 41.Kd3 Bb6 0-1

[Event "27. Friedensfest-Open (AFRO-A)"]
[Site "Augsburg"]
[Date "2022.08.04"]
[Round "2.12"]
[White "Stork, Simon"]
[Black "Haller, Quentin"]
[Result "1/2-1/2"]
[WhiteElo "2095"]
[BlackElo "2026"]
[EventDate "2022.08.04"]
[Time "15:30:00"]
[WhiteTeam "TSV Langenau"]
[BlackTeam "?"]

1.e4 c6 2.Nf3 d5 3.d3 dxe4 4.Ng5 Nf6 5.Nxe4 Nxe4 6.dxe4 Qxd1+ 7.Kxd1 g6 8.
Be3 Bg7 9.c3 Be6 10.Nd2 Nd7 11.Bc4 Bxc4 12.Nxc4 O-O-O 13.Kc2 Kc7 14.a4 Nb6
15.Bf4+ Kc8 16.Nxb6+ axb6 17.a5 b5 18.Be3 Kd7 19.Rhd1+ Ke6 20.Rxd8 Rxd8 
21.a6 bxa6 22.Rxa6 Rc8 23.Bd4 Be5 24.g3 Bd6 25.b4 g5 26.h3 h5 27.Kd3 f5 
28.Ra1 f4 29.e5 c5 30.bxc5 Bxc5 31.gxf4 gxf4 32.Ke4 Bxd4 33.cxd4 Rc4 34.
Ra6+ Kf7 35.Rb6 b4 36.h4 f3 37.Kd5 Rc2 38.Rxb4 Rxf2 39.Rb3 Rf1 40.Ke4 f2 
41.Rf3+ Ke6 42.d5+ Kd7 43.Kf5 Rh1 44.Rxf2 Rxh4 45.Ra2 Rg4 46.Ra7+ Ke8 47.
Ra8+ Kd7 48.e6+ Kc7 49.Ra7+ Kd8 50.Ra8+ Kc7 51.Re8 Rg7 52.Rh8 Rg1 53.Rxh5 
Kd6 54.Rh7 Rf1+ 55.Ke4 Re1+ 56.Kf5 Rf1+ 57.Ke4 1/2-1/2

[Event "27. Friedensfest-Open (AFRO-A)"]
[Site "Augsburg"]
[Date "2022.08.05"]
[Round "3.2"]
[White "Niedermeier, Thomas"]
[Black "Nasshan, Dennis"]
[Result "0-1"]
[WhiteElo "2253"]
[BlackElo "2312"]
[EventDate "2022.08.04"]
[Time "09:30:00"]
[WhiteTeam "SV Ilmmuenster"]
[BlackTeam "SV Worms 1878"]

1.e4 c6 2.d4 d5 3.f3 Qb6 4.Nc3 dxe4 5.fxe4 e5 6.Nf3 exd4 7.Nxd4 Nf6 8.e5 
Ng4 9.e6 Bxe6 10.h3 Nf6 11.Nxe6 fxe6 12.Bc4 Nbd7 13.Qe2 O-O-O 14.Bd2 Qxb2 
15.Rb1 Qa3 16.O-O Bd6 17.Kh1 Nb6 18.Bd3 Kb8 19.Qxe6 Rhe8 20.Qf5 Qc5 21.a4 
Qxf5 22.Rxf5 Kc7 23.a5 Nbd7 24.g4 Nc5 25.g5 Nfd7 26.Rf7 Nxd3 27.cxd3 Re7 
28.Rbf1 Rde8 29.Ne4 Rxf7 30.Rxf7 Re7 31.Rf1 Ne5 32.Nxd6 Kxd6 33.d4 Nd7 34.
Bb4+ c5 35.dxc5+ Kc6 36.Rd1 Nxc5 37.Rd8 b6 38.Rh8 g6 39.axb6 axb6 40.Kg2 
Rf7 41.h4 Nd3 42.Bc3 b5 43.Bf6 Nf4+ 44.Kf3 Nh5 45.Ke4 Nxf6+ 46.gxf6 Rxf6 
47.Rxh7 Rd6 48.h5 gxh5 49.Rxh5 Kb6 50.Rh1 b4 51.Rh5 Ka6 52.Rg5 b3 53.Rg3 
Rb6 54.Rg1 b2 55.Rb1 Ka5 56.Kd3 Ka4 57.Kc2 Ka3 0-1

[Event "27. Friedensfest-Open (AFRO-A)"]
[Site "Augsburg"]
[Date "2022.08.07"]
[Round "7.40"]
[White "Dommnich, Alexander"]
[Black "Stakor, Darko"]
[Result "0-1"]
[WhiteElo "1587"]
[BlackElo "1680"]
[EventDate "2022.08.04"]
[Time "09:30:00"]
[WhiteTeam "SF Augsburg"]
[BlackTeam "SK Kriegshaber"]

1.e4 c6 2.d4 d5 3.e5 c5 4.dxc5 e6 5.a3 Bxc5 6.b4 Bf8 7.Nf3 Nd7 8.Bb2 Qc7 
9.Bd3 Ne7 10.O-O Ng6 11.Re1 Nb6 12.Nbd2 Bd7 13.Bd4 Be7 14.g3 Nc4 15.Nxc4 
dxc4 16.Be4 Rc8 17.c3 Bc6 18.Bc2 b6 19.Qe2 O-O 20.a4 Rfd8 21.Qe3 Bxf3 22.
Qxf3 Bxb4 23.Bxb6 Qxb6 24.cxb4 Qxb4 25.Rab1 Qd2 26.Re2 Qd4 27.Re4 Nxe5 28.
Qe2 Qc3 29.Rxe5 Rd2 30.Bxh7+ Kxh7 31.Qh5+ Kg8 32.Rb7 Rf8 33.Re4 Qd3 0-1

[Event "27. Friedensfest-Open (AFRO-A)"]
[Site "Augsburg"]
[Date "2022.08.04"]
[Round "2.28"]
[White "Dommnich, Alexander"]
[Black "Brixel, Christof, Dr."]
[Result "0-1"]
[WhiteElo "1587"]
[BlackElo "1964"]
[EventDate "2022.08.04"]
[Time "15:30:00"]
[WhiteTeam "SF Augsburg"]
[BlackTeam "?"]

1.e4 c6 2.d4 d5 3.e5 c5 4.dxc5 e6 5.a3 Bxc5 6.b4 Be7 7.Qg4 g6 8.Nf3 Nd7 9.
c4 Qc7 10.Qd4 dxc4 11.Qxc4 Qxc4 12.Bxc4 a5 13.Bb5 axb4 14.a4 Bc5 15.Bg5 h6
16.Bd2 Ne7 17.Ra2 Nc6 18.Rc2 g5 19.g4 f5 20.gxf5 O-O 21.Bxc6 bxc6 22.fxe6 
Bxf2+ 23.Kd1 b3 24.Rc3 Nc5 25.Rf1 Ne4 26.e7 Re8 27.Rxc6 Ba6 28.Rh1 Bb7 29.
Rc7 Rab8 30.Nc3 Nxc3+ 31.Rxc3 b2 32.Ke2 Bd4 33.Rb1 Bxc3 34.Bxc3 Bxf3+ 35.
Kxf3 Rb3 0-1

[Event "27. Friedensfest-Open (AFRO-A)"]
[Site "Augsburg"]
[Date "2022.08.06"]
[Round "5.5"]
[White "Vuckovic, Robert"]
[Black "Feldmann, Johannes"]
[Result "0-1"]
[WhiteElo "1846"]
[BlackElo "2240"]
[EventDate "2022.08.04"]
[Time "09:30:00"]
[WhiteTeam "SF Augsburg"]
[BlackTeam "SV Worms 1878"]

1.e4 c6 2.d4 d5 3.e5 c5 4.c3 Nc6 5.Be2 Bf5 6.Nf3 e6 7.O-O cxd4 8.cxd4 Nge7
9.Nc3 Nc8 10.a3 Be7 11.b4 Nb6 12.Na4 Nxa4 13.Qxa4 O-O 14.Be3 a6 15.Rac1 
Bg4 16.h3 Bh5 17.Rc3 Qb6 18.Qd1 Rac8 19.Qd2 Na7 20.Rfc1 Rc6 21.Rxc6 Nxc6 
22.Ne1 Bxe2 23.Qxe2 f5 24.exf6 Bxf6 25.Nf3 h6 26.Rc5 a5 27.bxa5 Nxa5 28.
Qb5 Qxb5 29.Rxb5 Ra8 30.Rb6 Ra6 31.Rxa6 bxa6 32.Nd2 Nc4 33.Nxc4 dxc4 34.
Kf1 Kf7 35.Ke2 Ke7 36.Kd2 Kd6 37.Kc3 Kd5 38.f3 Bd8 39.g4 Ba5+ 40.Kc2 Bb6 
41.Bd2 Bxd4 42.h4 Bf6 43.h5 e5 44.a4 e4 45.f4 Bd4 46.g5 e3 47.Bb4 Ke4 48.
Bd6 e2 49.Kd2 Kf3 50.Be5 c3+ 51.Ke1 Bf2# 0-1

[Event "27. Friedensfest-Open (AFRO-A)"]
[Site "Augsburg"]
[Date "2022.08.07"]
[Round "7.27"]
[White "Wunderlich, Elias"]
[Black "Notz, Lukas"]
[Result "1/2-1/2"]
[WhiteElo "1734"]
[BlackElo "1950"]
[EventDate "2022.08.04"]
[Time "09:30:00"]
[WhiteTeam "SC Garching 1980 e.V."]
[BlackTeam "SV Dettingen Erms"]

1.e4 c6 2.d4 d5 3.e5 c5 4.dxc5 e6 5.a3 Bxc5 6.Nf3 a6 7.Bd3 Nc6 8.O-O Nge7 
9.Re1 b5 10.b4 Ba7 11.Bb2 Bb7 12.Nbd2 Ng6 13.g3 Rc8 14.h4 Nf8 15.Ng5 h6 
16.Nh3 Nd7 17.Qg4 Kf8 18.Nf4 g5 19.Nxd5 gxh4 20.Nf1 hxg3 21.Nxg3 Rg8 22.
Qf4 Qg5 23.Kf1 exd5 24.Qf5 Bxf2 25.Qxg5 Rxg5 26.Kxf2 Ndxe5 27.Bf5 Re8 28.
Rh1 d4 29.Bc1 Ng4+ 30.Bxg4 Rxg4 31.Bxh6+ Ke7 32.Rae1+ Kd7 33.Rxe8 Kxe8 34.
Nf5 Kd7 35.Re1 f6 36.Bc1 Ne5 37.Rd1 Rg2+ 38.Kf1 Rh2 39.Nxd4 Rh1+ 40.Ke2 
Rxd1 41.Kxd1 Nc4 42.Nb3 Bc8 43.Ke2 Ke6 44.a4 bxa4 45.Nc5+ Kd5 46.Nxa4 Bd7 
47.Nb2 Bg4+ 48.Kd3 Bf5+ 49.Ke2 Bxc2 50.Nxc4 Kxc4 51.Bd2 Kd4 52.Bh6 f5 
1/2-1/2

[Event "27. Friedensfest-Open (AFRO-A)"]
[Site "Augsburg"]
[Date "2022.08.04"]
[Round "1.37"]
[White "Vuckovic, Robert"]
[Black "Schneider, Peter"]
[Result "1-0"]
[WhiteElo "1846"]
[BlackElo "1527"]
[EventDate "2022.08.04"]
[WhiteTeam "SF Augsburg"]
[BlackTeam "SC Wolfratshausen 1948 e.V."]

1.e4 c6 2.d4 d5 3.e5 c5 4.dxc5 Nc6 5.Bb5 a6 6.Ba4 Qa5+ 7.c3 Qxc5 8.Be3 Qa5
9.b4 Qd8 10.Ne2 e6 11.Nd4 Bd7 12.Bxc6 bxc6 13.Nb3 Ne7 14.N1d2 Nf5 15.Bc5 
Be7 16.O-O O-O 17.Qe2 Re8 18.Bxe7 Qxe7 19.Nc5 Bc8 20.Ndb3 a5 21.bxa5 Rxa5 
22.Nxa5 Qxc5 23.Nb3 Qa7 24.Rfb1 Ba6 25.Qd2 Bc4 26.Nd4 Ne7 27.Qb2 Bd3 28.
Qb6 Qa8 29.Rb2 Rc8 30.a4 h6 31.Qb7 c5 32.Qxe7 cxd4 33.Rb7 Bg6 34.Rc7 Rb8 
35.h3 d3 36.Qc5 Qa6 37.Qd4 Qa5 38.Ra7 Qb6 39.Ra8 Kh7 40.Rxb8 Qxb8 41.Qe3 
Qb2 42.Qc1 Qe2 43.a5 d2 44.Qd1 Bd3 45.Qxe2 Bxe2 46.a6 Bxa6 47.Rd1 Bc4 48.
Rxd2 g5 49.f4 Kg6 50.fxg5 hxg5 51.Rf2 Bd3 52.Rf6+ Kg7 53.Kf2 Bf5 54.Ke3 
Be4 55.g3 Bf5 56.h4 gxh4 57.gxh4 Bg6 58.Kd4 Kh6 59.Kc5 Kg7 60.Kd6 Bh5 61.
Ke7 Bg6 62.Rf3 Bf5 63.Rg3+ Kh6 64.Rg5 Bg6 65.Kf6 Bh5 66.Rg8 Kh7 67.Rf8 Bg6
68.Rxf7+ 1-0

[Event "27. Friedensfest-Open (AFRO-A)"]
[Site "Augsburg"]
[Date "2022.08.06"]
[Round "6.1"]
[White "Smith, Bryan"]
[Black "Grimberg, Boris"]
[Result "1-0"]
[WhiteElo "2414"]
[BlackElo "2328"]
[EventDate "2022.08.04"]
[Time "15:30:00"]
[WhiteTeam "?"]
[BlackTeam "SAbt TSV Haunstetten"]

1.e4 c6 2.d4 d5 3.e5 Bf5 4.c4 e6 5.Nc3 Nd7 6.cxd5 cxd5 7.Bd3 Bg6 8.h4 Bxd3
9.Qxd3 Ne7 10.Nge2 Nc6 11.a3 Na5 12.Bg5 Be7 13.Qg3 Bxg5 14.hxg5 Qb6 15.b4 
Nc6 16.Qd3 a6 17.b5 axb5 18.O-O O-O 19.Nxb5 Qa6 20.a4 Rac8 21.g4 Ne7 22.
Kg2 f5 23.Rh1 Rf7 24.Rxh7 Nf8 25.Rh2 fxg4 26.Rah1 Neg6 27.Qg3 Rc2 28.Qxg4 
Rf5 29.Nbc3 Rxc3 30.Nxc3 Nf4+ 31.Kg1 Qd3 32.Rh8+ Kf7 33.Nb5 Ne2+ 34.Kg2 
Ng6 35.Nd6+ Ke7 36.R1h7 Nxh8 37.Rxh8 Nf4+ 38.Kh2 Qxd4 39.Nxf5+ exf5 40.Qh4
Kd7 41.g6 Qxe5 42.Qd8+ Kc6 43.Qc8+ Qc7 44.Qxc7+ Kxc7 45.Rg8 Ne6 46.Kg3 d4 
47.Kf3 Kd6 48.a5 Kd5 49.Rb8 Kc6 50.Rc8+ Kd6 51.Rc4 Kd5 52.Rb4 Nc5 53.Rxb7 
Nxb7 54.a6 1-0

[Event "27. Friedensfest-Open (AFRO-A)"]
[Site "Augsburg"]
[Date "2022.08.06"]
[Round "6.24"]
[White "Schneider, Peter"]
[Black "Brixel, Christof, Dr."]
[Result "1-0"]
[WhiteElo "1527"]
[BlackElo "1964"]
[EventDate "2022.08.04"]
[Time "15:30:00"]
[WhiteTeam "SC Wolfratshausen 1948 e.V."]
[BlackTeam "?"]

1.e4 c6 2.d4 d5 3.exd5 cxd5 4.c4 Nf6 5.Nf3 g6 6.h3 Bg7 7.Nc3 Nc6 8.Be3 O-O
9.Be2 dxc4 10.Bxc4 Na5 11.Be2 Nd5 12.O-O Be6 13.Qd2 Rc8 14.Rfc1 Nxc3 15.
Rxc3 Qd5 16.b3 Rxc3 17.Qxc3 Rc8 18.Qd2 Bf5 19.Rc1 Nc6 20.Bc4 Qd7 21.Ng5 
Nd8 22.a4 a6 23.Qb4 e5 24.dxe5 Bxe5 25.Bb6 Bd6 26.Qe1 Bf4 27.Rd1 1-0

[Event "27. Friedensfest-Open (AFRO-A)"]
[Site "Augsburg"]
[Date "2022.08.04"]
[Round "2.38"]
[White "Schneider, Peter"]
[Black "Jovy, Klaus"]
[Result "1-0"]
[WhiteElo "1527"]
[BlackElo "1850"]
[EventDate "2022.08.04"]
[Time "15:30:00"]
[WhiteTeam "SC Wolfratshausen 1948 e.V."]
[BlackTeam "SK Mering"]

1.e4 c6 2.d4 d5 3.exd5 cxd5 4.c4 e6 5.Nf3 Nf6 6.Nc3 a6 7.a3 Be7 8.Bf4 O-O 
9.Rc1 dxc4 10.Bxc4 b5 11.Be2 Bb7 12.O-O Nd5 13.Bg3 Nc6 14.Re1 Rc8 15.Qd3 
Bf6 16.Ne4 Be7 17.Nc5 Bxc5 18.Rxc5 Nce7 19.Rec1 Rxc5 20.Rxc5 Nf5 21.Nd2 
Nxg3 22.Qxg3 Qd7 23.Bf3 Rc8 24.Ne4 Rd8 25.h4 f5 26.Nc3 Nxc3 27.bxc3 Bxf3 
28.Rc7 f4 29.Rxd7 fxg3 30.Rxd8+ Kf7 31.gxf3 gxf2+ 32.Kxf2 1-0

[Event "27. Friedensfest-Open (AFRO-A)"]
[Site "Augsburg"]
[Date "2022.08.05"]
[Round "3.19"]
[White "Kracke, Moritz"]
[Black "Notz, Lukas"]
[Result "1-0"]
[WhiteElo "2073"]
[BlackElo "1950"]
[EventDate "2022.08.04"]
[Time "09:30:00"]
[WhiteTeam "SV Urach"]
[BlackTeam "SV Dettingen Erms"]

1.e4 c6 2.d4 d5 3.exd5 cxd5 4.c4 Nf6 5.Nc3 Nc6 6.Nf3 e6 7.cxd5 Nxd5 8.Bd3 
Be7 9.O-O a6 10.Re1 O-O 11.Bb1 Bf6 12.Ne4 h6 13.a3 Qb6 14.Be3 Qxb2 15.Ra2 
Qb5 16.Qc2 Rd8 17.a4 Qb4 18.Rb2 Qe7 19.Nc5 Qc7 20.Qh7+ Kf8 21.Rc1 b6 22.
Ne4 Bb7 23.Ba2 Qd7 24.Bxd5 Qxd5 25.Nxf6 gxf6 26.Rxb6 Ra7 27.Bxh6+ Ke7 28.
Qb1 Nxd4 29.Qb4+ Rd6 30.Rxd6 1-0

[Event "27. Friedensfest-Open (AFRO-A)"]
[Site "Augsburg"]
[Date "2022.08.07"]
[Round "7.38"]
[White "Wezel, Sebastian"]
[Black "Bilandzic, Ante"]
[Result "1-0"]
[WhiteElo "1859"]
[BlackElo "1923"]
[EventDate "2022.08.04"]
[Time "09:30:00"]
[WhiteTeam "SV Dettingen Erms"]
[BlackTeam "FC Bayern Muenchen e.V."]

1.e4 c6 2.d4 d5 3.exd5 cxd5 4.c4 Nf6 5.Nc3 e6 6.Nf3 Nc6 7.Bg5 Be7 8.c5 h6 
9.Bf4 Ne4 10.Bb5 f6 11.Qd3 Nxc3 12.Qg6+ Kf8 13.bxc3 Qa5 14.Bxc6 bxc6 15.
O-O Bd7 16.Rab1 Be8 17.Qg3 g5 18.Bd6 Rh7 19.Rb7 Qd8 20.Bc7 Qc8 21.Rfb1 
Bxc5 22.dxc5 Kg8 23.Qd6 Qd7 24.Nd4 Re7 25.Qxd7 Bxd7 26.Rb8+ Re8 27.Rxa8 
Rxa8 28.Rb7 e5 29.Nb3 Bc8 30.Rb4 Ba6 31.Rb8+ Rxb8 32.Bxb8 Kf7 33.Bxa7 Ke6 
34.a4 Kd7 35.h4 g4 36.h5 Be2 37.Nc1 Bc4 38.Bb8 d4 39.cxd4 exd4 40.Bf4 Ke6 
41.Bxh6 Kd5 42.Bf8 d3 43.Nxd3 Bxd3 44.h6 Kc4 45.Kh2 Bh7 46.Kg3 f5 47.Kf4 
Kb4 48.Kg5 Kxa4 49.Kf6 f4 50.Kg7 Be4 51.h7 Bxh7 52.Kxh7 f3 53.gxf3 gxf3 
54.Kg6 1-0

[Event "27. Friedensfest-Open (AFRO-A)"]
[Site "Augsburg"]
[Date "2022.08.06"]
[Round "6.23"]
[White "Doll, Luca Fabio"]
[Black "Kwossek, Georg"]
[Result "1/2-1/2"]
[WhiteElo "1653"]
[BlackElo "1981"]
[EventDate "2022.08.04"]
[Time "15:30:00"]
[WhiteTeam "TSV Langenau"]
[BlackTeam "SC Kitzingen von 1905"]

1.e4 c6 2.d4 d5 3.Nc3 dxe4 4.Nxe4 Nf6 5.Nxf6+ exf6 6.Nf3 Bd6 7.Bd3 O-O 8.
O-O Re8 9.h3 Nd7 10.Be3 Nf8 11.Qd2 Be6 12.Nh4 Qd7 13.f4 Rad8 14.c4 Qe7 15.
Kf2 Bb4 16.Qe2 f5 17.Nf3 Bc8 18.a3 Ba5 1/2-1/2